000 00688nam a2200241Ia 4500
005 20260430150144.0
008 008 250103s9999 xx 000 0 eng d
037 _aTheses
040 _aCRL
040 _beng
040 _ceng
041 _2eng
041 _aeng
084 _qCRL
100 _aToti Matli Robert Au.; Chennat Sailaja Gu.
_91236619
245 0 _aEngagement of learners with visual impairment in an inclusive school of lesotho: A descriptive phenomenology approach
260 _c2021
300 _a269p.
650 _aEducation
700 _aUniversity of Delhi. Faculty of Education. Department of Education
942 _cTH
999 _c1849086
_d1849086